Statystyki dla Kawałki Taco Hemingwaya po jednym wersie

Kliknij tutaj aby rozwiązać quiz!

Ogólne statystyki

  • Ten quiz został rozwiązany 2 303 razy
  • Średni wynik to 6 z 13

Statystyki odpowiedzi

WersNazwa kawałka% Poprawnych
"Będzie dwója z plusem, może trója minus, panie psorze?"6 zer
87%
"Widzę że chce mieć duży dom, pełen cudzych żon"Marmur
78%
"Słuchaczu, poznaj Piotra, mnie i mą ex"Szlugi i kalafiory
67%
"Wąsy jak Krzysiu Krawczyk, buzia jak Krzysiu Ibisz"ZTM
50%
"To nie komedia, Antygona ma wzór wam dać"Mięso
47%
"W mig skopał, gasną światła jakbym oczy miał martwe"Krwawa jesień
42%
"Robię tutaj rewolucję, robię ruchy a ty nadal papier?"Karimata
37%
"Wokoło szczekają psinki, szukają Sary bo każdy jest Bogusiem Lindą"Bakayoko
34%
"Boję się tej raczej głośnej gali, wolę cichy dom"Żywot
33%
"Licz tych followersów, ja sukcesy mierzę w płytach"515
31%
"W imię ojca ducha syna, miej w opiece moich ludzi, znów chadzają po kasynach"Modigliani
28%
"A to miasto jest jak mąż. Miękki szept, potem twardy dotyk"+4822
20%
"Zbieram owoce cierpliwości jak polecił Rousseau"Saldo '07
18%

Rozkład punktacji

Percentyl według liczby udzielonych odpowiedzi

Procent ludzi z każdym wynikiem

Twoja historia wyników

Nie rozwiązałeś tego quizu